ARRUPE JESUIT UNIVERSITY

CORONAVIRUS -STOP THE SPREAD - CLEAN,DISINFECT,COVER

A companion to the philosophy of language (Record no. 66822)

MARC details
000 -LEADER
fixed length control field 00489nam a2200193Ia 4500
003 - CONTROL NUMBER IDENTIFIER
control field 0100
008 - FIXED-LENGTH DATA ELEMENTS--GENERAL INFORMATION
fixed length control field 130303s9999 xx 000 0 und d
040 ## - CATALOGING SOURCE
Transcribing agency ARRUPELIB
050 ## - LIBRARY OF CONGRESS CALL NUMBER
Classification number P106.C5945
300 ## - PHYSICAL DESCRIPTION
Other physical details 23 cm
245 #2 - TITLE STATEMENT
Title A companion to the philosophy of language
260 ## - PUBLICATION, DISTRIBUTION, ETC. (IMPRINT)
Place of publication, distribution, etc Oxford
260 ## - PUBLICATION, DISTRIBUTION, ETC. (IMPRINT)
Name of publisher, distributor, etc Blackwell Publishing
260 ## - PUBLICATION, DISTRIBUTION, ETC. (IMPRINT)
-- 1997
300 ## - PHYSICAL DESCRIPTION
Extent 721p.
440 ## - SERIES STATEMENT/ADDED ENTRY--TITLE
Title Blackwell companions to philosophy
700 ## - ADDED ENTRY--PERSONAL NAME
Personal name Hale, Bob ; Wright, Crispen (ed.)
942 ## - ADDED ENTRY ELEMENTS (KOHA)
Source of classification or shelving scheme Library of Congress Classification
Koha issues (borrowed), all copies 2
Holdings
Withdrawn status Lost status Source of classification or shelving scheme Damaged status Not for loan Collection code Home library Current library Shelving location Date acquired Total Checkouts Full call number Barcode Date last seen Date checked out Copy number Price effective from Koha item type
    Library of Congress Classification     Main Collection ARRUPE LIBRARY ARRUPE LIBRARY   05/03/2013 7 P106.C5945 46004004673 04/12/2019 19/11/2019 1 05/03/2013 Monograph ( Printed materials)

 

Arrupe Library. PO Box MP320 Mt Pleasant, Harare, Zimbabwe
263 242 745411|librarian@aju.ac.zw